Sports Quiz

Random Sports or Basketball Quiz

Athletes of the 1990s Quiz Stats

 Plays Quiz Updated Jun 6, 2017

Support Sporcle.
Go Orange.
Score 0/36 Timer 10:00
0 Plays Today
Hint Answer % Correct
BasketballMichael Jordan
96.6%
Dennis Rodman
90%
Charles Barkley
88.3%
FootballBrett Favre
82.3%
Karl Malone
81.6%
David Robinson
78.8%
Derek Jeter
77.5%
BaseballKen Griffey, Jr.
76.1%
Emmitt Smith
75.5%
Barry Sanders
74.9%
Steve Young
74.1%
Troy Aikman
73.7%
Mark McGwire
68.8%
Andre Agassi
68.1%
TennisPete Sampras
67.7%
Barry Bonds
67.5%
Roger Clemens
64.2%
Shawn Kemp
62.5%
Hint Answer % Correct
John Daly
59.8%
Greg Maddux
58.1%
Marshall Faulk
55.6%
Steffi Graf
54.7%
Mario Lemieux
50.9%
Jaromír Jágr
50.1%
Mark Messier
49.3%
Monica Seles
48.2%
Ernie Els
43.6%
Eric Lindros
39.1%
Payne Stewart
37.6%
Martina Hingis
36.1%
GolfNick Faldo
34.3%
HockeyDominik Hašek
31.5%
Jim Courier
25.6%
Bernhard Langer
21.9%
Ed Belfour
19.2%
Nick Price
18.1%

You're not logged in!

Compare scores with friends on all Sporcle quizzes.
OR
Log In
Forgot?

From the Vault

'V' Vocabulary (Hard)

by beforever

We have a hunch that the guy from V for Vendetta would like these words.
Remove Ads.
Support Sporcle.
Get the best of Sporcle when you Go Orange. This ad-free experience offers more features, more stats, and more fun while also helping to support Sporcle. Thank you for becoming a member.

Show Comments

Extras

Top Quizzes Today


Score Distribution

Your Account Isn't Verified!

In order to create a playlist on Sporcle, you need to verify the email address you used during registration. Go to your Sporcle Settings to finish the process.

Report this User

Report this user for behavior that violates our Community Guidelines.

Details: